|
|
|
|
| LEADER |
01130nam a2200361 4500 |
| 001 |
DLU110129794 |
| 005 |
##20111223 |
| 040 |
# |
# |
|a DLU
|b eng
|
| 041 |
# |
# |
|a eng
|
| 044 |
# |
# |
|a us
|
| 245 |
# |
# |
|a Direct fitness benefits of delayed dispersal in the cooperatively breeding red wolf (Canis rufus) /
|c Amanda M. Sparkman ... [et al.].
|
| 653 |
# |
# |
|a Age at first dispersal
|
| 653 |
# |
# |
|a Age at first reproduction
|
| 653 |
# |
# |
|a Canids
|
| 653 |
# |
# |
|a Cooperative breeding
|
| 653 |
# |
# |
|a Lifetime reproductive probability
|
| 653 |
# |
# |
|a Lifetime reproductive success
|
| 653 |
# |
# |
|a Survival
|
| 700 |
# |
# |
|a Adams, Jennifer R.
|
| 700 |
# |
# |
|a Murray, Dennis L.
|
| 700 |
# |
# |
|a Sparkman, Amanda M.
|
| 700 |
# |
# |
|a Steury, Todd D.
|
| 700 |
# |
# |
|a Waits, Lisette P.
|
| 773 |
# |
# |
|t Behavioral ecology
|g Vol. 22, no. 1 (January-February 2011), p. 199-205
|
| 920 |
# |
# |
|a Phòng Tạp chí -- Trung tâm Thông tin - Thư viện Trường Đại học Đà Lạt
|
| 994 |
# |
# |
|a DLU
|
| 900 |
# |
# |
|a True
|
| 911 |
# |
# |
|a Trương Bảo Trâm Anh
|
| 925 |
# |
# |
|a G
|
| 926 |
# |
# |
|a A
|
| 927 |
# |
# |
|a BB
|
| 980 |
# |
# |
|a Thư viện Trường Đại học Đà Lạt
|